Compulsion in religion : Saddam Hussein, Islam and the roots of insurgencies in Iraq (Record no. 84886)

MARC details
000 -LEADER
fixed length control field 00781 a2200241 4500
003 - CONTROL NUMBER IDENTIFIER
control field CBULib
005 - DATE AND TIME OF LATEST TRANSACTION
control field 20240419100639.0
008 - FIXED-LENGTH DATA ELEMENTS--GENERAL INFORMATION
fixed length control field 240417b |||||||| |||| 00| 0 eng d
020 ## - INTERNATIONAL STANDARD BOOK NUMBER
International Standard Book Number 9780197601266
040 ## - CATALOGING SOURCE
Language of cataloging English
Transcribing agency CBULib
Description conventions rda
050 ## - LIBRARY OF CONGRESS CALL NUMBER
Classification number BP 173.6 Hel
100 ## - MAIN ENTRY--PERSONAL NAME
Personal name Helfont, Samuel
245 ## - TITLE STATEMENT
Title Compulsion in religion : Saddam Hussein, Islam and the roots of insurgencies in Iraq
Statement of responsibility, etc / by Samuel Helfont
260 ## - PUBLICATION, DISTRIBUTION, ETC. (IMPRINT)
Name of publisher, distributor, etc Oxford University Press,
Date of publication, distribution, etc 2018
Place of publication, distribution, etc New York :
300 ## - PHYSICAL DESCRIPTION
Extent xii, 290 pages
336 ## - CONTENT TYPE
Source rdacontent
Content type term Text |
Content type code txt
337 ## - MEDIA TYPE
Source rdamedia
Media type term Unmediated |
Media type code n
338 ## - CARRIER TYPE
Source rdacarrier
Carrier type term Volume
Carrier type code nc
650 #0 - SUBJECT ADDED ENTRY--TOPICAL TERM
9 (RLIN) 2778
Topical term or geographic name as entry element HISTORY
650 #0 - SUBJECT ADDED ENTRY--TOPICAL TERM
9 (RLIN) 2779
Topical term or geographic name as entry element HUSSEIN,SADDAM,1937-2006
650 #0 - SUBJECT ADDED ENTRY--TOPICAL TERM
9 (RLIN) 2780
Topical term or geographic name as entry element ISLAM AND POLITICS -- IRAQ-- HISTORY
942 ## - ADDED ENTRY ELEMENTS (KOHA)
Source of classification or shelving scheme
Koha item type MONOGRAPH
Holdings
Withdrawn status Lost status Source of classification or shelving scheme Damaged status Not for loan Collection code Permanent Location Current Location Shelving location Date acquired Cost, normal purchase price Total Checkouts Full call number Barcode Date last seen Copy number Price effective from Koha item type
          Main Library Open Access Collection CBU-MAIN LIBRARY, KITWE. CBU-MAIN LIBRARY, KITWE. General Stacks 04/17/2024 29.62   BP 173.6 Hel 752623 04/17/2024 1 04/17/2024 MONOGRAPH